[Event "Oberliga Baden 1213"]
[Site "Baden"]
[Date "2012.12.09"]
[Round "4.7"]
[White "Kick, Joachim"]
[Black "Pommerehne, Michael"]
[Result "1-0"]
[WhiteElo "2165"]
[BlackElo "2110"]
[PlyCount "65"]
[EventDate "2012.10.14"]
[EventType "team-tourn"]
[EventRounds "9"]
[EventCountry "GER"]
[SourceTitle "EXT 2014"]
[Source "ChessBase"]
[SourceDate "2013.11.20"]
[SourceVersion "1"]
[SourceVersionDate "2013.11.20"]
[SourceQuality "1"]
[WhiteTeam "Kuppenheim"]
[BlackTeam "Brombach"]
[WhiteTeamCountry "GER"]
[BlackTeamCountry "GER"]

1. Nf3 Nf6 2. c4 g6 3. g3 Bg7 4. Bg2 0-0 5. 0-0 d6 6. d4 Nc6 7. Nc3 e5 8. d5 Ne7 9. e4 Nd7 10. Ne1 f5 11. Nd3 Nf6 12. Bg5 h6 13. Bxf6 Bxf6 14. f4 exf4 15. Nxf4 Kh7 16. exf5 Bxf5 17. Qd2 Be5 18. Ne6 Bxe6 19. dxe6 Nf5 20. Bxb7 Rb8 21. Be4 c6 22. Bxf5 gxf5 23. Qd3 Kg6 24. Rae1 Rxb2 25. Rxf5 Rxf5 26. Rxe5 Qf6 27. Re1 Kg7 28. Nd1 Rb8 29. Qxd6 Rf8 30. Ne3 Re5 31. Rf1 Qxe6 32. Qxf8+ Kg6 33. Ng2 1-0

[Event "Oberliga Baden 1213"]
[Site "Baden"]
[Date "2012.11.25"]
[Round "3.8"]
[White "Pommerehne, Michael"]
[Black "Fucik, Timo"]
[Result "1-0"]
[WhiteElo "2109"]
[BlackElo "2085"]
[PlyCount "49"]
[EventDate "2012.10.14"]
[EventType "team-tourn"]
[EventRounds "9"]
[EventCountry "GER"]
[SourceTitle "EXT 2014"]
[Source "ChessBase"]
[SourceDate "2013.11.20"]
[SourceVersion "1"]
[SourceVersionDate "2013.11.20"]
[SourceQuality "1"]
[WhiteTeam "Brombach"]
[BlackTeam "Ettlingen"]
[WhiteTeamCountry "GER"]
[BlackTeamCountry "GER"]

1. d4 d5 2. c4 c6 3. Nf3 Nf6 4. e3 e6 5. b3 Nbd7 6. Bb2 Bd6 7. Bd3 0-0 8. 0-0 Re8 9. Ne5 Qc7 10. f4 Ne4 11. Bxe4 dxe4 12. Qh5 g6 13. Qh3 f6 14. Ng4 Be7 15. Nc3 h5 16. Nf2 f5 17. Ncxe4 fxe4 18. Qxe6+ Kg7 19. d5+ Bf6 20. Qxe8 Bxb2 21. Qe7+ Kh8 22. Nxe4 cxd5 23. Ng5 Bg7 24. Ne6 Bf6 25. Qe8+ 1-0

[Event "Oberliga Baden 1213"]
[Site "Baden"]
[Date "2012.11.11"]
[Round "2.5"]
[White "Pommerehne, Michael"]
[Black "Reinhardt, Bernd"]
[Result "1/2-1/2"]
[WhiteElo "2109"]
[BlackElo "2307"]
[PlyCount "34"]
[EventDate "2012.10.14"]
[EventType "team-tourn"]
[EventRounds "9"]
[EventCountry "GER"]
[SourceTitle "EXT 2014"]
[Source "ChessBase"]
[SourceDate "2013.11.20"]
[SourceVersion "1"]
[SourceVersionDate "2013.11.20"]
[SourceQuality "1"]
[WhiteTeam "Brombach"]
[BlackTeam "Buchen"]
[WhiteTeamCountry "GER"]
[BlackTeamCountry "GER"]

1. d4 d6 2. c4 Nf6 3. Nf3 Nbd7 4. g3 e6 5. Bg2 Be7 6. 0-0 0-0 7. Nc3 c5 8. e3 a6 9. b3 Rb8 10. dxc5 Nxc5 11. Bb2 Qb6 12. Qc2 h6 13. Rfd1 Bd7 14. Nd2 Rfd8 15. Nde4 Bc6 16. Rd2 Ncxe4 17. Nxe4 Nxe4 1/2-1/2

[Event "Baden-ch U16"]
[Site "Karlsruhe"]
[Date "2008.01.02"]
[Round "1"]
[White "Pommerehne, Michael"]
[Black "Baur, Oleg"]
[Result "0-1"]
[WhiteElo "1397"]
[BlackElo "1753"]
[PlyCount "68"]
[EventDate "2008.01.02"]
[EventType "swiss"]
[EventRounds "7"]
[EventCountry "GER"]
[SourceTitle "EXT 2009"]
[Source "ChessBase"]
[SourceDate "2008.11.26"]
[SourceVersion "1"]
[SourceVersionDate "2008.11.26"]
[SourceQuality "1"]

1. Nf3 d5 2. c4 e6 3. g3 Nf6 4. Bg2 c6 5. b3 Bc5 6. 0-0 0-0 7. Bb2 Nbd7 8. d4 Be7 9. Nbd2 b6 10. Qc2 Bb7 11. cxd5 cxd5 12. Rac1 Rc8 13. Qd3 Rxc1 14. Rxc1 Ne4 15. Qc2 Bd6 16. Nxe4 dxe4 17. Nd2 f5 18. Nc4 Be7 19. Ne3 Ba6 20. Qc7 Bxe2 21. Qxa7 Bd6 22. Ba3 Bxa3 23. Qxa3 Nf6 24. Qb2 Bd3 25. Bf1 Bxf1 26. Kxf1 Qd7 27. Qc3 f4 28. gxf4 Nh5 29. Qc6 Qf7 30. Qxe4 Nxf4 31. Qf3 Qg6 32. Qd1 Qe4 33. Ke1 Nd3+ 34. Ke2 Rxf2# 0-1